Guess the lyrics (#32) - Statistics

General Stats
  • This quiz has been taken 227 times
  • The average score is 72 of 130
Answer Stats
Answer % Correct
I
99%
a
97%
you
93%
You
93%
an
90%
the
90%
me
89%
love
87%
in
86%
on
85%
We
85%
we
85%
and
84%
to
83%
your
82%
go
80%
when
80%
can
79%
where
77%
what
74%
you're
73%
So
71%
Why
71%
can't
70%
see
67%
too
65%
if
64%
We're
63%
I'm
62%
don't
61%
are
60%
by
58%
doing
58%
say?
56%
say
56%
with
55%
baby
54%
know
54%
much
51%
out
46%
because
45%
from
44%
Here
44%
I'll
43%
our
43%
I've
42%
would
42%
eyes?
41%
eyes
41%
Oh,
40%
never
36%
word
36%
again
34%
caught
34%
together
33%
been
31%
thing
31%
trap
31%
trap?
31%
let
30%
minds
30%
suspicious
29%
tears
28%
walk
28%
yeah
27%
believe
25%
good
24%
Well
23%
Yes
23%
old
21%
build
20%
dreams
20%
crying
19%
hello
19%
friend
18%
still
18%
die
15%
real,
15%
stops
15%
Let's
13%
asking
12%
dry
12%
lied
12%
suspicion
12%
survive
7%
honey,
6%
Mm
6%
No matching quizzes found
Score Distribution
Percent of People with Each Score
Percentile by Number Answered
Your Score History
You have not taken this quiz